Score 0/26 Timer 06:00
6 Plays Today
Question Answer % Correct
Age at the start of the books?16
97.5%
What is her real first name?Beatrice
94.3%
Faction transferred to in book one?Dauntless
93.2%
Instructor's NicknameFour
91.1%
Faction at start of the books?Abnegation
90.2%
Aptitude Test ResultDivergent
89.2%
Faction chosen by brotherErudite
88.5%
Brother's nameCaleb
86.8%
Initiates in Tris's GroupAl
85.9%
Second book in the seriesInsurgent
82.2%
Initiates in Tris's GroupChristina
80.2%
Tris's Tattoo3 ravens on her collarbone
78.2%
Tris's InstructorTobias
77.5%
Question Answer % Correct
Initiates in Tris's GroupPeter
77.3%
Nickname given to Tris (Insult)Stiff
77.2%
Initiates in Tris's GroupWill
75.8%
Aptitude Test EvaluatorTori
71.8%
Third book in the seriesAllegiant
71.7%
Initiates in Tris's GroupMolly
62.6%
Initiates in Tris's GroupEdward
60.9%
Mother's nameNatalie
55.6%
Father's nameAndrew
55.3%
Tris's TattooAbnegation seal
50.6%
Tris's TattooDauntless seal
50.2%
Initiates in Tris's GroupDrew
49%
Initiates in Tris's GroupMyra
43.5%
Remove Ads.
Support Sporcle.
Get the best of Sporcle when you Go Orange. This ad-free experience offers more features, more stats, and more fun while also helping to support Sporcle. Thank you for becoming a member.

You're not logged in!

Compare scores with friends on all Sporcle quizzes.
OR
Log In

Show Comments

Extras

Top Quizzes Today


Score Distribution

Your Account Isn't Verified!

In order to create a playlist on Sporcle, you need to verify the email address you used during registration. Go to your Sporcle Settings to finish the process.

Report this User

Report this user for behavior that violates our Community Guidelines.

Details: